Mapa. Inventario intregrado de los recursos naturales de la provincia de Río Negro geología, hidrogeología, geomorfología, suelos, clima, vegetación y fauna. /
Guardado en:
| Formato: | Mapa |
|---|---|
| Idioma: | Undetermined |
| Publicado: |
Buenos Aires :
INTA,
2009.
|
| Etiquetas: |
Agregar Etiqueta
Sin Etiquetas, Sea el primero en etiquetar este registro!
|
| LEADER | 00590nem a22001335a 4500 | ||
|---|---|---|---|
| 001 | EEA.libagro009249 | ||
| 005 | 20161012125519.0 | ||
| 008 | 131111s2009####ag########a#####1###und#d | ||
| 020 | |a 9789875213302 | ||
| 245 | 1 | 0 | |a Mapa. Inventario intregrado de los recursos naturales de la provincia de Río Negro |h [material cartográfico] : |b geología, hidrogeología, geomorfología, suelos, clima, vegetación y fauna. / |c INTA. |
| 255 | |a 1 : 500.000 | ||
| 260 | |a Buenos Aires : |b INTA, |c 2009. | ||
| 300 | |a 1 caja que contiene 1 mapa plegable ; |c 30 cm. | ||
| 859 | |a AR-BbBCA |b BIB. AGRONOMIA |h 333.73 |i I62 Mapa |p 2013/6247 | ||
